<?xml version="1.0" encoding="UTF-8"?>
<record
    xmlns:xsi="http://www.w3.org/2001/XMLSchema-instance"
    xsi:schemaLocation="http://www.loc.gov/MARC21/slim http://www.loc.gov/standards/marcxml/schema/MARC21slim.xsd"
    xmlns="http://www.loc.gov/MARC21/slim">

  <leader>03639njm a2200637Ia 4500</leader>
  <controlfield tag="001">23809</controlfield>
  <controlfield tag="003">IT-RoPAU</controlfield>
  <controlfield tag="005">20220918181124.0</controlfield>
  <controlfield tag="008">131025s9999    xx            000 0 und d</controlfield>
  <datafield tag="040" ind1=" " ind2=" ">
    <subfield code="a">IT-RoPAU</subfield>
  </datafield>
  <datafield tag="040" ind1=" " ind2=" ">
    <subfield code="c">IT-RoPAU</subfield>
  </datafield>
  <datafield tag="041" ind1=" " ind2=" ">
    <subfield code="a">ITALIANO</subfield>
  </datafield>
  <datafield tag="999" ind1=" " ind2=" ">
    <subfield code="c">100024</subfield>
    <subfield code="d">100024</subfield>
  </datafield>
  <datafield tag="999" ind1=" " ind2=" ">
    <subfield code="b">n.d.</subfield>
  </datafield>
  <datafield tag="100" ind1=" " ind2=" ">
    <subfield code="a">AA.VV.</subfield>
    <subfield code="9">794</subfield>
  </datafield>
  <datafield tag="100" ind1=" " ind2=" ">
    <subfield code="e">Autore musica</subfield>
    <subfield code="9">6102</subfield>
  </datafield>
  <datafield tag="100" ind1=" " ind2=" ">
    <subfield code="g">Codice autore musica SPICS: 12000</subfield>
    <subfield code="9">796</subfield>
  </datafield>
  <datafield tag="245" ind1=" " ind2=" ">
    <subfield code="a">Melodie senza et&#xE0; (Lp 20071)</subfield>
  </datafield>
  <datafield tag="250" ind1=" " ind2=" ">
    <subfield code="a">1a ed.</subfield>
  </datafield>
  <datafield tag="260" ind1=" " ind2=" ">
    <subfield code="a">MILANO</subfield>
  </datafield>
  <datafield tag="260" ind1=" " ind2=" ">
    <subfield code="b">COMBO RECORD</subfield>
    <subfield code="c">1970 [1a Ed.:1970]</subfield>
  </datafield>
  <datafield tag="300" ind1=" " ind2=" ">
    <subfield code="a">DISCO</subfield>
  </datafield>
  <datafield tag="500" ind1=" " ind2=" ">
    <subfield code="a">Canzoni italiane di vari anni. Musica leggera</subfield>
  </datafield>
  <datafield tag="505" ind1=" " ind2=" ">
    <subfield code="a">Violetera - Lucciole vagabonde - Estrellita - Cu cu rru cu cu Paloma - La signora di trent'anni fa - Nann&#xEC; - Valzer delle candele - Miniera - Perfidia - Verde luna - Tango delle capinere - Malaguena - Lola - Roma, nun fa la stupida stasera</subfield>
  </datafield>
  <datafield tag="511" ind1=" " ind2=" ">
    <subfield code="a">Masseglia Natali Rosella</subfield>
  </datafield>
  <datafield tag="511" ind1=" " ind2=" ">
    <subfield code="a">Vailati Tino</subfield>
  </datafield>
  <datafield tag="511" ind1=" " ind2=" ">
    <subfield code="a">Kronos (I)</subfield>
  </datafield>
  <datafield tag="511" ind1=" " ind2=" ">
    <subfield code="a">Garbaccio Dea</subfield>
  </datafield>
  <datafield tag="511" ind1=" " ind2=" ">
    <subfield code="a">Velli Rita</subfield>
  </datafield>
  <datafield tag="511" ind1=" " ind2=" ">
    <subfield code="a">De Stefani Noris</subfield>
  </datafield>
  <datafield tag="511" ind1=" " ind2=" ">
    <subfield code="a">Valle Adriano</subfield>
  </datafield>
  <datafield tag="511" ind1=" " ind2=" ">
    <subfield code="a">Da Vinci Mario</subfield>
  </datafield>
  <datafield tag="650" ind1=" " ind2=" ">
    <subfield code="a">CANZONE ITALIAN [DISCHI]</subfield>
    <subfield code="e">Codice MATERIA SPICS: 9950</subfield>
    <subfield code="9">6103</subfield>
  </datafield>
  <datafield tag="700" ind1=" " ind2=" ">
    <subfield code="a">Bixio Cesare Andrea</subfield>
    <subfield code="d">Codice autore musica SPICS: 13441</subfield>
    <subfield code="e">Autore musica</subfield>
    <subfield code="p">Lucciole vagabonde - Miniera - Tango delle capinere</subfield>
    <subfield code="9">6104</subfield>
  </datafield>
  <datafield tag="700" ind1=" " ind2=" ">
    <subfield code="a">Cherubini Bixio</subfield>
    <subfield code="d">Codice autore testo/musica SPICS: 13442</subfield>
    <subfield code="e">Autore testo/musica</subfield>
    <subfield code="p">Lucciole vagabonde - Miniera - Tango delle capinere</subfield>
    <subfield code="9">6105</subfield>
  </datafield>
  <datafield tag="700" ind1=" " ind2=" ">
    <subfield code="a">Ponce</subfield>
    <subfield code="d">Codice autore musica SPICS: 25256</subfield>
    <subfield code="e">Autore musica</subfield>
    <subfield code="p">Estrellita</subfield>
    <subfield code="9">6106</subfield>
  </datafield>
  <datafield tag="700" ind1=" " ind2=" ">
    <subfield code="a">Ardo</subfield>
    <subfield code="d">Codice autore testo/musica SPICS: 14156</subfield>
    <subfield code="e">Autore testo/musica</subfield>
    <subfield code="p">Estrellita</subfield>
    <subfield code="9">6107</subfield>
  </datafield>
  <datafield tag="700" ind1=" " ind2=" ">
    <subfield code="a">Mendes Peppino</subfield>
    <subfield code="d">Codice autore musica SPICS: 13135</subfield>
    <subfield code="e">Autore musica</subfield>
    <subfield code="p">Cu cu rru cu cu Paloma</subfield>
    <subfield code="9">6108</subfield>
  </datafield>
  <datafield tag="700" ind1=" " ind2=" ">
    <subfield code="a">Pallesi Bruno</subfield>
    <subfield code="d">Codice autore SPICS: 13598</subfield>
    <subfield code="e">Autore</subfield>
    <subfield code="p">Cu cu rru cu cu Paloma</subfield>
    <subfield code="9">6109</subfield>
  </datafield>
  <datafield tag="700" ind1=" " ind2=" ">
    <subfield code="a">Elgos</subfield>
    <subfield code="d">Codice autore testo/musica SPICS: 13132</subfield>
    <subfield code="e">Autore testo/musica</subfield>
    <subfield code="p">Cu cu rru cu cu Paloma</subfield>
    <subfield code="9">6110</subfield>
  </datafield>
  <datafield tag="700" ind1=" " ind2=" ">
    <subfield code="a">Leoni Guido</subfield>
    <subfield code="d">Codice autore musica SPICS: 13455</subfield>
    <subfield code="e">Autore musica</subfield>
    <subfield code="p">La signora di trent'anni fa</subfield>
    <subfield code="9">6111</subfield>
  </datafield>
  <datafield tag="700" ind1=" " ind2=" ">
    <subfield code="a">Natoli Piero</subfield>
    <subfield code="d">Codice autore testo/musica SPICS: 13326</subfield>
    <subfield code="e">Autore testo/musica</subfield>
    <subfield code="p">La signora di trent'anni fa</subfield>
    <subfield code="9">6112</subfield>
  </datafield>
  <datafield tag="700" ind1=" " ind2=" ">
    <subfield code="a">Silvestri Franco</subfield>
    <subfield code="d">Codice autore musica SPICS: 13543</subfield>
    <subfield code="e">Autore musica</subfield>
    <subfield code="p">Nann&#xEC;</subfield>
    <subfield code="9">6113</subfield>
  </datafield>
  <datafield tag="700" ind1=" " ind2=" ">
    <subfield code="a">Dumont</subfield>
    <subfield code="d">Codice autore musica SPICS: 15898</subfield>
    <subfield code="e">Autore musica</subfield>
    <subfield code="p">Valzer delle candele</subfield>
    <subfield code="9">6114</subfield>
  </datafield>
  <datafield tag="700" ind1=" " ind2=" ">
    <subfield code="a">Larici (Gili Mario)</subfield>
    <subfield code="d">Codice autore testo/musica SPICS: 13548</subfield>
    <subfield code="e">Autore testo/musica</subfield>
    <subfield code="p">Valzer delle candele - Perfidia - Malaguena</subfield>
    <subfield code="9">6115</subfield>
  </datafield>
  <datafield tag="700" ind1=" " ind2=" ">
    <subfield code="a">Gomez</subfield>
    <subfield code="d">Codice autore musica SPICS: 13933</subfield>
    <subfield code="e">Autore musica</subfield>
    <subfield code="p">Verde luna</subfield>
    <subfield code="9">6116</subfield>
  </datafield>
  <datafield tag="700" ind1=" " ind2=" ">
    <subfield code="a">Tuvim</subfield>
    <subfield code="d">Codice autore testo/musica SPICS: 25257</subfield>
    <subfield code="e">Autore testo/musica</subfield>
    <subfield code="p">Verde luna</subfield>
    <subfield code="9">6117</subfield>
  </datafield>
  <datafield tag="700" ind1=" " ind2=" ">
    <subfield code="a">Pinchi (Pinci) (Perotti Pino)</subfield>
    <subfield code="d">Codice autore SPICS: 13615</subfield>
    <subfield code="e">Autore</subfield>
    <subfield code="p">Verde luna</subfield>
    <subfield code="9">6118</subfield>
  </datafield>
  <datafield tag="700" ind1=" " ind2=" ">
    <subfield code="a">Ramirez</subfield>
    <subfield code="d">Codice autore musica SPICS: 20479</subfield>
    <subfield code="e">Autore musica</subfield>
    <subfield code="p">Malaguena</subfield>
    <subfield code="9">6119</subfield>
  </datafield>
  <datafield tag="700" ind1=" " ind2=" ">
    <subfield code="a">Poletto Enzo</subfield>
    <subfield code="d">Codice autore SPICS: 13595</subfield>
    <subfield code="e">Autore</subfield>
    <subfield code="p">Malaguena</subfield>
    <subfield code="9">6120</subfield>
  </datafield>
  <datafield tag="700" ind1=" " ind2=" ">
    <subfield code="a">Donaldson</subfield>
    <subfield code="d">Codice autore musica SPICS: 14426</subfield>
    <subfield code="e">Autore musica</subfield>
    <subfield code="p">Lola</subfield>
    <subfield code="9">6121</subfield>
  </datafield>
  <datafield tag="700" ind1=" " ind2=" ">
    <subfield code="a">Lombardo Carlo</subfield>
    <subfield code="d">Codice autore testo/musica SPICS: 1143</subfield>
    <subfield code="e">Autore testo/musica</subfield>
    <subfield code="p">Lola</subfield>
    <subfield code="9">6122</subfield>
  </datafield>
  <datafield tag="700" ind1=" " ind2=" ">
    <subfield code="a">Trovaioli Armando</subfield>
    <subfield code="d">Codice autore musica SPICS: 11182</subfield>
    <subfield code="e">Autore musica</subfield>
    <subfield code="p">Roma, nun fa la stupida stasera</subfield>
    <subfield code="9">6123</subfield>
  </datafield>
  <datafield tag="700" ind1=" " ind2=" ">
    <subfield code="a">Giovannini Sandro</subfield>
    <subfield code="d">Codice autore SPICS: 13634</subfield>
    <subfield code="e">Autore</subfield>
    <subfield code="p">Roma, nun fa la stupida stasera</subfield>
    <subfield code="9">6124</subfield>
  </datafield>
  <datafield tag="700" ind1=" " ind2=" ">
    <subfield code="a">Garinei Pietro</subfield>
    <subfield code="d">Codice autore testo/musica SPICS: 13576</subfield>
    <subfield code="e">Autore testo/musica</subfield>
    <subfield code="p">Roma, nun fa la stupida stasera</subfield>
    <subfield code="9">6125</subfield>
  </datafield>
  <datafield tag="942" ind1=" " ind2=" ">
    <subfield code="c">MD</subfield>
    <subfield code="2">ddc</subfield>
  </datafield>
  <datafield tag="952" ind1=" " ind2=" ">
    <subfield code="0">0</subfield>
    <subfield code="1">0</subfield>
    <subfield code="4">0</subfield>
    <subfield code="6">23809_000000000000000</subfield>
    <subfield code="7">1</subfield>
    <subfield code="a">SPICS</subfield>
    <subfield code="b">SPICS</subfield>
    <subfield code="d">2013-10-25</subfield>
    <subfield code="l">0</subfield>
    <subfield code="o">23809</subfield>
    <subfield code="r">2013-10-25 00:00:00</subfield>
    <subfield code="w">2013-10-25</subfield>
    <subfield code="y">MD</subfield>
    <subfield code="z">Progr. Ins.: 4656 / N.Vol.: 1 / Copie: 1 - Copia rara: n.d. / date import: 01.01.2014 - By Epidotti, Trombetti, Vaglietti</subfield>
  </datafield>
</record>
